Vzduchový radiálny ventilátor

Enregistré dans:
Détails bibliographiques
Auteur principal: Selnekovič, Marek, 1990- (Auteur)
Autres auteurs: Ridzoň, František, 1955- (Directeur de thèse)
Format: Manuscrit Livre
Langue:slovaque
Publié: Bratislava : STU v Bratislave SjF, 2012
Sujets:
Accès en ligne:VAIS
Tags: Ajouter un tag
Pas de tags, Soyez le premier à ajouter un tag!

MARC

LEADER 00000ntm a22000003a 4500
001 stu263991
005 20150617230220.0
008 130313s2012----xo------------------slo-d
040 |a STU  |b slo 
041 0 |a slo 
044 |a xo 
100 1 |a Selnekovič, Marek,  |d 1990-  |4 aut  |u J  |T SjF Strojnícka fakulta  |X 69051  |U J  |Y 20  |7 A000069051 
242 0 0 |a Radial Air Fan   |y eng 
245 1 |a Vzduchový radiálny ventilátor 
260 |a Bratislava :  |b STU v Bratislave SjF,  |c 2012 
650 7 |a energetické strojárstvo  |2 stusub 
650 7 |a design  |2 estusub 
650 7 |a fan  |2 estusub 
650 7 |a model  |2 stusub 
650 7 |a návrh  |2 stusub 
700 1 |a Ridzoň, František,  |d 1955-  |4 ths  |u J0060  |U SjF Strojnícka fakulta  |T SjF Ústav tepelnej energetiky  |X 2347  |U J0060  |Y 805  |7 A000002347 
856 4 |a info a plný text  |u http://is.stuba.sk/zp/portal_zp.pl?podrobnosti=70658  |3 VAIS 
996 |b 284J043154  |c J*1641/BP  |l JJSK  |s A  |a 24  |w stu263991_0001